<?xml version="1.0" encoding="UTF-8"?>
<marc:record xmlns:marc="http://www.loc.gov/MARC21/slim">
   <marc:leader>00000nam a2200000 a 4500</marc:leader>
   <marc:datafield ind1="1" ind2=" " tag="100">
      <marc:subfield code="a">Steigenberger, Heide</marc:subfield>
      <marc:subfield code="4">aut</marc:subfield>
      <marc:subfield code="e">Verfasser/-in</marc:subfield>
   </marc:datafield>
   <marc:datafield ind1="0" ind2="0" tag="245">
      <marc:subfield code="a">365 x vegane und vegetarische Blitzküche</marc:subfield>
   </marc:datafield>
   <marc:datafield ind1="0" ind2="0" tag="245">
      <marc:subfield code="c">Heide Steigenberger</marc:subfield>
   </marc:datafield>
   <marc:datafield ind1=" " ind2="1" tag="264">
      <marc:subfield code="a">Wien</marc:subfield>
      <marc:subfield code="b">Kneipp Verlag</marc:subfield>
      <marc:subfield code="c">2014</marc:subfield>
   </marc:datafield>
   <marc:datafield ind1=" " ind2=" " tag="250">
      <marc:subfield code="a">1</marc:subfield>
   </marc:datafield>
   <marc:datafield ind1="1" ind2=" " tag="520">
      <marc:subfield code="a">Wer sich ohne Fleisch oder ganz ohne tierische Produkte ernährt, möchte nicht nur etwas für seine Gesundheit und die Umwelt tun, sondern dabei auch genießen, ohne stundenlang in der Küche zu stehen. Und am besten isst die ganze Familie gleich mit. Heide Steigenberger präsentiert in ihrem Jahreskochbuch 365 vegane und vegetarische Rezepte, die einfach und leicht nachzukochen sind. Sie berücksichtigt dabei regionale und saisonale Produkte, kombiniert diese mit eiweißreichen, gesunden Lebensmitteln wie Linsen, Sojabohnen, Dinkel-Pasta und Naturreis und zeigt auch, wie man Reste verwerten oder Obst und Gemüse einkochen kann. Dieses Kochbuch begleitet Sie Tag für Tag durchs Jahr mit gesunden Smoothies, pfiffigen Salaten, herzhaften Suppen, frischen Gemüse-Currys, raffinierten Kartoffel- und Pasta-Gerichten, variantenreichen Quiches, verführerischen Desserts u.v.m.</marc:subfield>
   </marc:datafield>
   <marc:datafield ind1=" " ind2=" " tag="020">
      <marc:subfield code="a">9783708806334</marc:subfield>
      <marc:subfield code="9">9783708806334</marc:subfield>
   </marc:datafield>
   <marc:datafield ind1=" " ind2=" " tag="020">
      <marc:subfield code="a">3708806336</marc:subfield>
      <marc:subfield code="9">3708806336</marc:subfield>
   </marc:datafield>
   <marc:datafield ind1=" " ind2=" " tag="300">
      <marc:subfield code="a">246 S. : Ill.</marc:subfield>
   </marc:datafield>
</marc:record>
